000 00826nam a2200265 i 4500
001 C2-0288327
003 PPAK
005 20180728021445.0
008 080430s1999 my |||| ||||| | may d
020 _a9789832118022 ; 9832118026
040 _aPPAK
_beng
_cPPAK
_erda
082 0 4 _a899.231
_223
090 0 0 _a899.231
_bGEM
_dKK
090 0 0 _a899.231
_bGEM
_dKSS
245 0 0 _aGema serunai hati 4
264 1 _aSeremban, Negeri Sembilan :
_bKoperasi Penulis Negeri Sembilan Berhad (KOPPEN) ,
_c1999
300 _ax, 148 pages ;
_c22 cm
336 _2rdacontent
_atext
337 _2rdamedia
_aunmediated
338 _2rdacarrier
_avolume
500 _aSempena tahun melawat Negeri Sembilan '99 Hari Puisi Nasional ke-14 sambutan ulang tahun PEN ke-30
650 1 0 _aMalay poetry.
700 _eauthor
942 _ddc
_cB
999 _c93955
_d93955